Bangladesh's Leather Industry Local Production Networks in the Global Economy /

This study provides an overview of how the Bangladeshi leather value chain is organised and governed. It analyses how the leather processing and leather goods/footwear subsectors are integrated into the global market and to what extent informal arrangements including illicit practices are conducive...

Full description

Bibliographic Details
Main Author: Strasser, Joseph (Author)
Corporate Author: SpringerLink (Online service)
Format: Electronic eBook
Language:English
Published: Cham : Springer International Publishing : Imprint: Springer, 2015.
Edition:1st ed. 2015.
Series:Springer Geography,
Subjects:
Online Access:Full Text via HEAL-Link
LEADER 03051nam a22005295i 4500
001 978-3-319-22548-7
003 DE-He213
005 20151204190139.0
007 cr nn 008mamaa
008 150903s2015 gw | s |||| 0|eng d
020 |a 9783319225487  |9 978-3-319-22548-7 
024 7 |a 10.1007/978-3-319-22548-7  |2 doi 
040 |d GrThAP 
050 4 |a HF1021-1027 
072 7 |a RGCM  |2 bicssc 
072 7 |a SCI030000  |2 bisacsh 
082 0 4 |a 330.9  |2 23 
100 1 |a Strasser, Joseph.  |e author. 
245 1 0 |a Bangladesh's Leather Industry  |h [electronic resource] :  |b Local Production Networks in the Global Economy /  |c by Joseph Strasser. 
250 |a 1st ed. 2015. 
264 1 |a Cham :  |b Springer International Publishing :  |b Imprint: Springer,  |c 2015. 
300 |a XVI, 286 p. 46 illus., 17 illus. in color.  |b online resource. 
336 |a text  |b txt  |2 rdacontent 
337 |a computer  |b c  |2 rdamedia 
338 |a online resource  |b cr  |2 rdacarrier 
347 |a text file  |b PDF  |2 rda 
490 1 |a Springer Geography,  |x 2194-315X 
505 0 |a Introduction -- Conceptual Approaches -- Methodology -- The Leather Industry in Bangladesh -- The Leather Value Chain in Bangladesh – Results of a Qualitative Analysis -- Conclusion -- Appendices. 
520 |a This study provides an overview of how the Bangladeshi leather value chain is organised and governed. It analyses how the leather processing and leather goods/footwear subsectors are integrated into the global market and to what extent informal arrangements including illicit practices are conducive to global market entry. Power relations are dissected along the value chain, in order to analyse how local producers adapt to upholding competitiveness. The results of the work show the need to devise upgrading strategies which pay heed to the reality of informal dynamics in a global value chain (GVC) to improve the local producers’ competitiveness. The GVC perspective was combined with considerations on upgrading, subcontracting, middlemen and informality to adequately analyse the complexity of the transactions in the chain. The data of this study are drawn from empirical field studies in Dhaka, Bangladesh and other sections of the international leather value chain during the time period of 2010 to 2014. A qualitative research approach was complemented with quantitative methods. 
650 0 |a Geography. 
650 0 |a Business. 
650 0 |a Management science. 
650 0 |a Economic geography. 
650 0 |a Economics. 
650 0 |a Human geography. 
650 1 4 |a Geography. 
650 2 4 |a Economic Geography. 
650 2 4 |a Human Geography. 
650 2 4 |a Economics, general. 
650 2 4 |a Business and Management, general. 
710 2 |a SpringerLink (Online service) 
773 0 |t Springer eBooks 
776 0 8 |i Printed edition:  |z 9783319225470 
830 0 |a Springer Geography,  |x 2194-315X 
856 4 0 |u http://dx.doi.org/10.1007/978-3-319-22548-7  |z Full Text via HEAL-Link 
912 |a ZDB-2-EES 
950 |a Earth and Environmental Science (Springer-11646)